00500nam a2200181Ia 4500003000400000008004100004040001600045082001500061100002500076245005700101260002700158300001000185490001600195650002200211650002000233650003000253650003500283GCL140319s9999 xx 000 0 eng d aGCL / cGCL04a005.3bP P1 aPLISSON, JEAN-MICHEL10aPROGRAMMER WINDOWS 3.1 EN C / cPLISSON, JEAN-MICHEL a[S.N] : bNO ، c1993 a425 P aMARABOUTv004aCOMPUTER SOFTWARE04aCOMPUTER PROGRM04aCOMPUTER PROGRAM LANGUAGE04aC++(COMPUTER PROGRAM LANGUAGE)